00703 2200229 4500001002100000005001700021020002200038035002400060040001200084082001700096084001900113090001900132245011100151250001100262260002700273300002800300500006800328650002200396700002300418850001200441990002000453YOGYA00000000009874420141022075102.0 a978-979-29-4059-6 0010-021400000000256 aYOPDYOG 2[22]a006.86 aDEP 006.86 Pan aDEP 006.86 Pan aPAS : Panduan aplikatif dan solusi penerapan AutoCAD 2013 untuk teknik mesinc/ editor, Th. Arie Prabawati aCet. 1 aYogyakartabAndic2013 a250 hlm.bilus.c23 cm. aDiterbitkan atas kerjasama penerbit Andi dengan Wahana komputer aKomputer - Grafis aArie Prabawati, Th aYOPDYOG aCB-D.112013-635